00417nam a2200157Ia 4500008004100000020001400041082001500055100002300070245002500093250000700118260003400125300002400159500001900183600003300202650002400235240925s9999 xx 000 0 und d a413280101 a796.44 HOL aHollowood, Bernard 0aCricket on the Brain aNA aLondon:bEyre Michaelc,1970. a394p.bIIfOriginal aIncludes Index aHumanities & Natural Science aArts and Recreation